000 00649nam a2200241 i 4500
001 C2-0131513
003 PPAK
005 20180727122409.0
008 971015s1971 io |||| ||||| | may d
040 _aPPAK
_beng
_cPPAK
_erda
082 0 4 _a899.221
_223
090 0 0 _a899.221
_bMUT
_dKIH
090 0 0 _a899.221
_bMUT
_dKSA
100 1 _aMuthari, Abdul Hadi Widji,
_eauthor
245 1 0 _aLaut belum pasang
264 1 _aDjakarta, Indonesia :
_bLitera ,
_c1971
300 _a20 pages ;
_c20 cm
336 _2rdacontent
_atext
337 _2rdamedia
_aunmediated
338 _2rdacarrier
_avolume
650 1 0 _aIndonesian fiction
942 _ddc
_cB
999 _c40791
_d40791